000 00517nam a2200229Ia 4500
005 20250425162725.0
008 250425s9999 xx 000 0 und d
020 _a9788497328647
041 _aspa
043 _asp
082 _a604.2
100 _aCALAVERA OPI, CESAR
245 0 _aDIBUJO TECNICO II
250 _a1A ED.
260 _aEspaƱa
_bPARANINFO
_c2014
260 _aMADRID
300 _a247
650 _aDIBUJO TECNICO
700 _aJIMENEZ RUIZ, ISABEL
942 _c01
010 _a103215
999 _c235122
_d235122